Land Management & Economics / (Record no. 121361)
[ view plain ]
| 000 -LEADER | |
|---|---|
| fixed length control field | 03555nam a22002773i 4500 |
| 001 - CONTROL NUMBER | |
| control field | BDZ0047020097 |
| 003 - CONTROL NUMBER IDENTIFIER | |
| control field | StDuBDS |
| 005 - DATE AND TIME OF LATEST TRANSACTION | |
| control field | 20230206131452.0 |
| 007 - PHYSICAL DESCRIPTION FIXED FIELD--GENERAL INFORMATION | |
| fixed length control field | cr|||||||||||| |
| 008 - FIXED-LENGTH DATA ELEMENTS--GENERAL INFORMATION | |
| fixed length control field | 230206s2020 enk go 000|0|eng d |
| 020 ## - INTERNATIONAL STANDARD BOOK NUMBER | |
| ISBN | 9781543759297 : |
| Terms of availability | 3.99 |
| 040 ## - CATALOGING SOURCE | |
| Original cataloging agency | StDuBDS |
| 100 1# - MAIN ENTRY--PERSONAL NAME | |
| Personal author | Kim Hin, Ho, |
| Relator term | author. |
| 245 10 - TITLE STATEMENT | |
| Title | Land Management & Economics / |
| Statement of responsibility, etc | Ho Kim Hin. |
| 264 #1 - PRODUCTION, PUBLICATION, DISTRIBUTION, MANUFACTURE, AND COPYRIGHT NOTICE | |
| Place of production, publication, distribution, manufacture | [Place of publication not identified] : |
| Name of producer, publisher, distributor, manufacturer | Partridge Publishing Singapore, |
| Date of production, publication, distribution, manufacture, or copyright notice | 2020. |
| 300 ## - PHYSICAL DESCRIPTION | |
| Physical description | 1 online resource |
| 520 8# - ABSTRACT | |
| Abstract | This book is concerned with a unique, overall land policy optimization model, under active government policy, resulting in the sustainable effectiveness and efficiency of land policy. Such a model distinguishes it from the highly specific urban-planning land use optimization model, meant for optimizing land use specification, strategic land uses, land use restrictions and control, like zoning. Policy input is concerned with a hierarchical and structural definition of policy while 'Additionality' looks at land-policy output (outcome) variables, impacting broader land policy efficiency and effectiveness goals, their associated output indicators and the interaction with the macroeconomy. Long run urban policy-macroeconomy interaction is modeled in a contemporaneous cointegration model estimation, involving different sectors of the economy. The model looks at the equilibrium and optimal land-using economic activities. A dynamic interaction of land policy outcomes and their economic implications is discussed via cointegration tests and modelling. This book develops a rigorous system-dynamics-based computable general equilibrium model for direct real estate market uncertainty i.e. the frequent mismatch between office demand and supply under the impact of limited land constraint, the domestic common stock market, the macro economy and macroeconomic policy. Such dynamic interaction is structured under the demand-side and supply-side aspects. The book looks at the binomial option-pricing model by Cox, Ross and Rubinstein, to model the risk-neutral process for short term interest rates, common stock prices and Housing & Development Board (HDB) resale flat prices. Singapore's Main Upgrading Program (MUP) is a heavily subsidized and highly targeted. Since 1992, the HDB has budgeted some S$3 billion to finance the MUP policy. A positive impact is the asset value enhancement of the HDB flats within the upgraded precincts. MUP subsidies vary significantly with the corresponding option premium. A 3-Room HDB flat owner is more inclined to opt for upgrading while the option premium is deemed to be less attractive for upgrading by the 4-Room HDB flat owner. Residents' satisfaction level with town council (TC) services are examined, under different political parties. The concern is to ascertain a housing finance model, which analyzes the affordability of household borrowers for purchasing resale public housing. With Central Provident funds (CPF) usage, total interest paid over the loan life is significantly reduced. CPF as a financial buffer significantly reduce default risks for lender and household borrower. |
| 650 #7 - KEYWORDS | |
| Keywords | Economics |
| 650 #7 - KEYWORDS | |
| Keywords | LAND MANAGEMENT |
| 650 #7 - KEYWORDS | |
| Keywords | EBOOK |
| 650 #7 - KEYWORDS | |
| Keywords | Business & Management |
| 856 40 - ONLINE RESOURCE | |
| Uniform Resource Identifier | <a href="https://www.vlebooks.com/vleweb/product/openreader?id=RICS&accId=9491556&isbn=9781543759297">https://www.vlebooks.com/vleweb/product/openreader?id=RICS&accId=9491556&isbn=9781543759297</a> |
| Public note | View on VLEbooks. Logins for members only from [email protected] |
| 336 ## - CONTENT TYPE | |
| Content type term | text |
| Source | rdacontent |
| 337 ## - MEDIA TYPE | |
| Media type term | unmediated |
| Source | rdamedia |
| 338 ## - CARRIER TYPE | |
| Carrier type term | volume |
| Source | rdacarrier |
| Lost status | Damaged status | Not for loan | Home library | Current library | Shelving location | Date acquired | Source of acquisition | Total Checkouts | Full call number | Date last seen | Price effective from | Koha item type |
|---|---|---|---|---|---|---|---|---|---|---|---|---|
| Virtual | Virtual | Online | 06/02/2023 | Browns Books | eBook | 06/02/2023 | 06/02/2023 | Book |